Review of the President's emergency supplemental request for unaccompanied children and related matters : hearing before the Committee on Appropriations, United States Senate, One Hundred Thirteenth Congress, second session : special hearing, July 10, 2014, Washington, DC.

Bibliographic Details
Corporate Author: United States. Congress. Senate. Committee on Appropriations (Author)
Format: Government Document eBook
Language:English
Published: Washington : U.S. Government Publishing Office, 2017.
Series:S. hrg. ; 113-854
Subjects:
Online Access:https://purl.fdlp.gov/GPO/gpo82942
http://purl.fdlp.gov/GPO/gpo82942

MARC

Tag First Indicator Second Indicator Subfields
LEADER 00000cam a2200000 i 4500
001 in00003863113
005 20210514090920.0
006 m o d f
007 cr b|||||a||||
008 170724s2017 dcu ob f000 0 eng c
035 |a (OCoLC)ocn994298871 
042 |a pcc 
043 |a n-us--- 
040 |a GPO  |b eng  |e rda  |e pn  |c GPO  |d GPO  |d AZP  |d MERUC  |d OCLCQ  |d GPO  |d MvI 
049 |a WWW 
050 4 |a KF26  |b .A6 2014a 
074 |a 1033-B (online) 
086 0 |a Y 4.AP 6/2:S.HRG.113-854 
110 1 |a United States.  |b Congress.  |b Senate.  |b Committee on Appropriations,  |e author. 
245 1 0 |a Review of the President's emergency supplemental request for unaccompanied children and related matters :  |b hearing before the Committee on Appropriations, United States Senate, One Hundred Thirteenth Congress, second session : special hearing, July 10, 2014, Washington, DC. 
264 1 |a Washington :  |b U.S. Government Publishing Office,  |c 2017. 
300 |a 1 online resource (vi, 161 pages). 
336 |a text  |b txt  |2 rdacontent 
337 |a computer  |b c  |2 rdamedia 
338 |a online resource  |b cr  |2 rdacarrier 
490 1 |a S. hrg. ;  |v 113-854 
588 0 |a Online resource; title from PDF title screen (FDsys, viewed on July 24, 2017). 
500 |a Paper version available for sale by the Superintendent of Documents, United States Government Publishing Office. 
650 0 |a Unaccompanied immigrant children  |z Mexican-American Border Region. 
650 0 |a Unaccompanied immigrant children  |x Government policy  |z United States. 
650 0 |a Illegal alien children  |x Government policy  |z United States. 
650 0 |a Unaccompanied immigrant children  |x Services for  |z Mexican-American Border Region  |x Finance. 
650 0 |a Border security  |z Mexican-American Border Region. 
650 0 |a Immigration enforcement  |x Government policy  |z United States. 
655 7 |a Legislative hearings.  |2 lcgft 
776 0 8 |i Print version:  |a United States. Congress. Senate. Committee on Appropriations.  |t Review of the President's emergency supplemental request for unaccompanied children and related matters  |w (OCoLC)995164418 
776 0 8 |i Microfiche version:  |a United States. Congress. Senate. Committee on Appropriations.  |t Review of the President's emergency supplemental request for unaccompanied children and related matters  |w (OCoLC)1020404821 
810 1 |a United States.  |b Congress.  |b Senate.  |t S. hrg. ;  |v 113-854. 
856 4 0 |u https://purl.fdlp.gov/GPO/gpo82942  |t 0 
856 4 0 |u http://purl.fdlp.gov/GPO/gpo82942  |t 0 
999 f f |s b3179f31-27ff-3eff-ba14-02e48ab351ce  |i 1007bbd2-1480-3f62-a7f2-94e6a0579b9d  |t 0 
952 f f |a Texas A&M University  |b College Station  |c Electronic Resources  |d Available Online  |t 0  |e Y 4.AP 6/2:S.HRG.113-854  |h Superintendent of Documents classification 
998 f f |a Y 4.AP 6/2:S.HRG.113-854  |t 0  |l Available Online